| 000 | 01214nam a22003377a 4500 | ||
|---|---|---|---|
| 001 | BR8600079 | ||
| 003 | BR-BrBNA | ||
| 005 | 20230928092216.0 | ||
| 007 | ta | ||
| 008 | 230509b bl.||||| |||| 00| 0 por d | ||
| 040 |
_aBR-BrBNA _bpor _cBiblioteca Nacional de Agricultura |
||
| 041 | _a(Por) | ||
| 072 |
_aF01 _b0336 |
||
| 090 | _ 0336 BR8600079 | ||
| 100 | 1 | _aCardoso, D.A. del B. | |
| 110 | 1 |
_aEscola Superior de Agricultura de Lavras, MG (Brasil) _0Tese (Mestrado) |
|
| 245 | 1 | _aMaximizacao da exploracao da soja (Glycine max (L.)Merrill): efeito do espacamento, densidade e altura de corte na producao de feno e graos de rebrota, cv. Cristalina | |
| 246 | 1 | _a[Maximation of soybean (Glycine max (L.)Merrill): effect of spacing, density and cutting height on the production of hay and re-sprout grains, cv. Cristalina] | |
| 260 | 3 |
_aLavras, MG (Brasil): _c1985. |
|
| 300 | _a96 p. | ||
| 500 | _a23 tables; Summaries (Eng, Por); Bibliography p. 63-78 (81 ref.) | ||
| 650 | _aSOJA | ||
| 650 | _aGRAO | ||
| 650 | _aFENO | ||
| 650 | _aESPACAMENTO | ||
| 650 | _aDENSIDADE | ||
| 650 | _aREBROTA | ||
| 650 | _aLATOSSOLO ROXO DISTROFICO | ||
| 909 |
_a202309 _bLucia _c55 _dLucia Elande |
||
| 942 | _cBK | ||
| 999 |
_c37694 _d37694 |
||